[Event "61st World Juniors 2024"]
[Site "Gandhinagar IND"]
[Date "2024.06.07"]
[Round "6.4"]
[White "Mayank, Chakraborty"]
[Black "Makarian, Rudik"]
[Result "0-1"]
[WhiteTitle "IM"]
[BlackTitle "IM"]
[WhiteElo "2425"]
[BlackElo "2524"]
[WhiteFideId "25659766"]
[BlackFideId "44105681"]
[EventDate "2024.06.02"]

1. e4 c5 2. Nf3 e6 3. b3 d6 4. Bb2 Nf6 5. Bb5+ Nbd7 6. Qe2 Be7 7. d4 cxd4 8.
Nxd4 O-O 9. O-O Nc5 10. Nd2 a6 11. Bd3 Qc7 12. c4 Nxd3 13. Qxd3 b6 14. a4 Bb7
15. Qg3 Rfe8 16. Rfe1 Rac8 17. N4f3 e5 18. Nh4 Bf8 19. Qf3 b5 20. axb5 axb5 21.
Nf5 Ra8 22. Rac1 Qd7 23. cxb5 d5 24. Qd3 Ra2 25. Qb1 Ra5 26. exd5 Qxd5 27. Ne3
Qxd2 28. Bc3 Qa2 29. Bxa5 Qxa5 30. Qd3 Rd8 31. Qe2 h6 32. Nc4 Qxb5 33. Nxe5 Qxb3
34. Qc4 Qxc4 35. Nxc4 Bd5 36. Ne3 Be6 37. Rcd1 Ra8 38. Ra1 Rb8 39. Rab1 Ra8 40.
Ra1 Re8 41. h3 h5 42. Rec1 g6 43. Rc6 Rd8 44. Rcc1 Bh6 45. Rd1 Rc8 46. Rdc1 Re8
47. Re1 Kg7 48. Ra4 Rc8 49. Ra7 Kg8 50. Raa1 Rc3 51. Rac1 Rxc1 52. Rxc1 Bxe3 53.
fxe3 Kg7 54. Rc5 Ne4 55. Re5 Nd6 56. Kf2 Kf6 57. Ra5 Nc4 58. Rb5 Ne5 59. Rb1 Kf5
60. Rd1 Nc4 61. Rd4 Ke5 62. Rd1 Nd6 63. Rd4 Ne4+ 64. Kg1 Bd5 65. Rb4 Nd6 66. Kf2
Nc4 67. Rb1 Nd2 68. Rb4 Ne4+ 69. Kg1 h4 70. Rd4 g5 71. Rb4 f6 72. Rd4 Bc6 73.
Kf1 Bb7 74. Kg1 Bd5 75. Rd3 Nc5 76. Rd4 Nb3 77. Rb4 Nd2 78. Rd4 Nc4 79. Rd3 f5
80. Kf2 Nd6 81. Rd1 g4 82. hxg4 fxg4 83. Rd4 g3+ 84. Kg1 Nf5 85. Ra4 Be4 86. Ra3
Kd6 87. Rc3 Kd5 88. Kf1 Ke5 89. Kg1 Bd5 90. Kf1 Bc4+ 91. Kg1 Be2 92. Rc8 Bh5 93.
Rc5+ Ke4 94. Ra5 Be2 95. Ra8 Kxe3 96. Re8+ Kd2 97. Re4 Bd3 98. Re8 Kc3 99. Kh1
Kd4 100. Rd8+ Ke3 101. Kg1 Be4 102. Rh8 Kf4 103. Rf8 Kg5 104. Rg8+ Kf6 105. Rh8
Bd5 106. Rh5 Bg8 107. Rh8 Kg7 108. Rh5 Kg6 109. Rh8 Nh6 0-1

[Event "61st World Juniors 2024"]
[Site "Gandhinagar IND"]
[Date "2024.06.07"]
[Round "6.5"]
[White "Fromm, Marius"]
[Black "Nandish V S"]
[Result "1/2-1/2"]
[WhiteTitle "IM"]
[WhiteElo "2465"]
[BlackElo "1981"]
[WhiteFideId "12993190"]
[BlackFideId "45084297"]
[EventDate "2024.06.02"]

1. e4 c5 2. Nf3 g6 3. c3 d5 4. e5 Bg4 5. Bb5+ Nd7 6. d4 e6 7. Nbd2 cxd4 8. cxd4
a6 9. Bd3 Ne7 10. O-O Bg7 11. h3 Bf5 12. Nb3 h6 13. Re1 Rc8 14. Bxf5 Nxf5 15.
Bd2 O-O 16. Ba5 b6 17. Bc3 a5 18. a4 Rc6 19. Qd3 Qc7 20. Nbd2 Nb8 21. Nb1 Qb7
22. Na3 Na6 23. Nb5 Nc7 24. Ra3 Ra8 25. Bd2 Nxb5 26. Qxb5 Rc4 27. Rd3 Qc6 28.
Qxc6 Rxc6 29. g4 Ne7 30. Rc3 Rac8 31. Rec1 Kf8 32. Kf1 Ke8 33. Ke2 Kd7 34. Kd3
R8c7 35. Ne1 Bf8 36. Rxc6 Rxc6 37. Nc2 Rc7 38. f4 Rc8 39. Rf1 Rc4 40. Ra1 Rc7
41. Ne3 Rc8 42. Rf1 Rc6 43. h4 Ke8 44. h5 Rc7 45. f5 g5 46. Nc2 Rc4 47. b3 Rc8
48. f6 Nc6 49. Rc1 Nb4+ 50. Nxb4 Rxc1 51. Bxc1 axb4 52. Bd2 Kd7 53. Be1 1/2-1/2

[Event "61st World Juniors 2024"]
[Site "Gandhinagar IND"]
[Date "2024.06.07"]
[Round "6.6"]
[White "De Silva, L M S T"]
[Black "Subelj, Jan"]
[Result "1-0"]
[WhiteTitle "IM"]
[BlackTitle "GM"]
[WhiteElo "2364"]
[BlackElo "2514"]
[WhiteFideId "9953698"]
[BlackFideId "14618583"]
[EventDate "2024.06.02"]

1. e4 e5 2. Nf3 Nc6 3. Bb5 a6 4. Ba4 Bc5 5. Nc3 Nge7 6. O-O O-O 7. d3 d6 8. Be3
Bxe3 9. fxe3 b5 10. Bb3 Na5 11. Ng5 Nxb3 12. Qh5 h6 13. Nxf7 g6 14. Qxh6 Rxf7
15. Rxf7 Kxf7 16. Rf1+ Kg8 17. Nd5 Nc5 18. Qg5 Bf5 19. Nxe7+ Kf7 20. Qxg6+ Kxe7
21. Qg7+ Ke6 22. Rxf5 Qe7 23. Qg6+ Kd7 24. Rf7 Rf8 25. Rxe7+ Kxe7 26. h4 Ne6 27.
h5 Rf6 28. Qg4 Kf7 29. Qh4 Kg7 30. g4 Rf7 31. g5 Nf8 32. Qg4 Re7 33. Qf5 Rf7 34.
Qc8 1-0

[Event "61st World Juniors 2024"]
[Site "Gandhinagar IND"]
[Date "2024.06.07"]
[Round "6.8"]
[White "Ohanyan, Emin"]
[Black "Domalchuk-Jonasson, Aleksandr"]
[Result "1-0"]
[WhiteTitle "GM"]
[BlackTitle "IM"]
[WhiteElo "2501"]
[BlackElo "2380"]
[WhiteFideId "13312022"]
[BlackFideId "14142805"]
[EventDate "2024.06.02"]

1. e4 e6 2. d4 d5 3. Nd2 c5 4. Ngf3 cxd4 5. exd5 Qxd5 6. Bc4 Qd7 7. Nb3 Nc6 8.
Nbxd4 a6 9. Bf4 Nf6 10. O-O b5 11. Bb3 Nxd4 12. Nxd4 Bb7 13. Re1 Be7 14. a4 Rd8
15. Be5 b4 16. Qe2 Nd5 17. Qg4 Bf6 18. Bxf6 gxf6 19. Qg7 Rf8 20. a5 Nc7 21. Qxf6
Rg8 22. Ba4 Nb5 23. Bxb5 axb5 24. Nxe6 Rxg2+ 25. Kf1 Rxf2+ 26. Kxf2 Qd2+ 27. Re2 1-0

[Event "61st World Juniors 2024"]
[Site "Gandhinagar IND"]
[Date "2024.06.07"]
[Round "6.9"]
[White "Stribuk, Artiom"]
[Black "Srihari, L R"]
[Result "1-0"]
[WhiteTitle "IM"]
[BlackTitle "IM"]
[WhiteElo "2422"]
[BlackElo "2495"]
[WhiteFideId "13515659"]
[BlackFideId "46617116"]
[EventDate "2024.06.02"]

1. Nf3 f5 2. d4 Nf6 3. a3 g6 4. e3 Bg7 5. b4 a5 6. b5 b6 7. Bb2 e6 8. Be2 Bb7 9.
O-O Qe7 10. Nfd2 O-O 11. Bf3 d5 12. a4 Qf7 13. c4 Ne4 14. Nc3 c5 15. bxc6 Nxc6
16. Ndxe4 dxe4 17. Be2 Nb4 18. Na2 f4 19. Nxb4 axb4 20. exf4 Qxf4 21. Bc1 Qd6
22. Be3 Rfd8 23. Rb1 Bc6 24. Qb3 Bxa4 25. Qxb4 Bc2 26. c5 bxc5 27. dxc5 Qc6 28.
Qb6 Qd5 29. Rbc1 Bd3 30. Bxd3 exd3 31. Rfd1 Rab8 32. Qa6 Ra8 33. Qb6 Rab8 34.
Qa6 Ra8 35. Qb5 Rac8 36. h3 Be5 37. Rd2 Rb8 38. Qa4 Ra8 39. Qg4 Ra1 40. Rxd3
Rxc1+ 41. Bxc1 Qxd3 42. Qxe6+ Kg7 43. Qe7+ Kg8 44. Qe6+ Kg7 45. Qxe5+ Kf7 46.
Qf4+ Qf5 47. Qc4+ Qe6 48. Qb4 Rd1+ 49. Kh2 Qe5+ 50. Bf4 Rd4 51. Qb7+ Qe7 52.
Qb3+ Qe6 53. Qg3 Qd5 54. Bd6 g5 55. Be5 Re4 56. Qf3+ Ke6 57. Qf6+ Kd7 58. Bd6 h5
59. Qa1 Rd4 60. Qa7+ Ke6 61. Qe7+ Kf5 62. Qh7+ Ke6 63. Qxh5 Rd2 64. Qe8+ Kf6 65.
Be7+ Kg7 66. Qf8+ Kh7 67. Bf6 Qd7 68. Bxg5 Rd5 69. Qh6+ Kg8 70. Qg6+ Qg7 71.
Qe8+ Qf8 72. Qxf8+ Kxf8 73. Be3 Rd3 74. g4 Kf7 75. h4 Rc3 76. Kg3 Rc4 77. h5 Kf6
78. Kf3 Ra4 79. g5+ Kf5 80. h6 1-0

[Event "61st World Juniors 2024"]
[Site "Gandhinagar IND"]
[Date "2024.06.07"]
[Round "6.10"]
[White "Gharibyan, Mamikon"]
[Black "Kanyamarala, Tarun"]
[Result "1-0"]
[WhiteTitle "GM"]
[BlackTitle "IM"]
[WhiteElo "2492"]
[BlackElo "2333"]
[WhiteFideId "13308300"]
[BlackFideId "45004714"]
[EventDate "2024.06.02"]

1. d4 Nf6 2. c4 e6 3. Nf3 d5 4. cxd5 exd5 5. Nc3 c6 6. Bf4 Bd6 7. Bxd6 Qxd6 8.
e3 Bf5 9. Nh4 Bg4 10. Qc2 Nbd7 11. h3 Be6 12. Bd3 Qe7 13. Nf3 h6 14. Rb1 a5 15.
Nd2 O-O 16. O-O Nb6 17. Rbe1 Rfd8 18. a3 Qd6 19. f4 Rac8 20. Nf3 c5 21. Ne5 cxd4
22. exd4 Nc4 23. Bxc4 dxc4 24. Rd1 Qb6 25. Qf2 Bd5 26. Rfe1 Qd6 27. Kh2 Nh7 28.
Qg3 Nf8 29. f5 Nh7 30. Ng4 Qxg3+ 31. Kxg3 h5 32. Ne3 Nf6 33. Kf4 b6 34. g4 hxg4
35. hxg4 Bb7 36. g5 Ne8 37. a4 Nd6 38. Ng4 Rb8 39. Rd2 Bc8 40. Re5 Bd7 41. Nd5
Nxf5 42. Rxf5 Bxf5 43. Ne7+ Kf8 44. Nxf5 g6 45. Nfe3 Rbc8 46. Nf6 c3 47. bxc3
Rxc3 48. d5 Ra3 49. Rd4 Rb3 50. d6 Rb4 51. Nc4 Rxa4 52. Ke5 Rb4 53. Rh4 Rb5+ 54.
Ke4 Rxg5 55. Nh7+ Kg7 56. Nxg5 b5 57. Rh7+ Kf6 58. Kf4 Rd7 59. Ne5 1-0

[Event "61st World Juniors 2024"]
[Site "Gandhinagar IND"]
[Date "2024.06.07"]
[Round "6.11"]
[White "Pawar, Harshit"]
[Black "Koelle, Tobias"]
[Result "1/2-1/2"]
[BlackTitle "IM"]
[WhiteElo "2132"]
[BlackElo "2470"]
[WhiteFideId "366130595"]
[BlackFideId "16207378"]
[EventDate "2024.06.02"]

1. e4 c5 2. Nc3 e6 3. g3 d5 4. exd5 exd5 5. Bg2 Nf6 6. Nge2 d4 7. Ne4 d3 8. cxd3
Be7 9. O-O O-O 10. Nf4 Nc6 11. b3 Rb8 12. Ba3 Nb4 13. Bxb4 cxb4 14. Rc1 b6 15.
Re1 a5 16. d4 Qxd4 17. Nxf6+ Bxf6 18. Nd5 Bb7 19. Rc4 Qb2 20. Rc2 Qd4 21. Rc4
Qb2 22. Rc2 Qd4 23. Rc4 1/2-1/2

[Event "61st World Juniors 2024"]
[Site "Gandhinagar IND"]
[Date "2024.06.07"]
[Round "6.12"]
[White "Samant, Aditya S"]
[Black "Ayush, Sharma"]
[Result "1/2-1/2"]
[WhiteTitle "GM"]
[BlackTitle "IM"]
[WhiteElo "2469"]
[BlackElo "2325"]
[WhiteFideId "35080580"]
[BlackFideId "45010943"]
[EventDate "2024.06.02"]

1. e4 c5 2. Nf3 d6 3. d4 cxd4 4. Nxd4 Nf6 5. Nc3 a6 6. h3 g6 7. Be3 Bg7 8. Qd2
b5 9. f3 Bb7 10. O-O-O Nbd7 11. g4 Rc8 12. a3 Ne5 13. g5 Nh5 14. Rg1 O-O 15. f4
Nc4 16. Bxc4 Rxc4 17. f5 Qa8 18. f6 exf6 19. Nf5 fxg5 20. Nxg7 Nxg7 21. Bxg5
Rfc8 22. Bf6 Ne8 23. Bd4 a5 24. b3 R4c7 25. e5 b4 26. exd6 Nxd6 27. Qf4 Ne8 28.
Rge1 Rxc3 29. Rxe8+ Rxe8 30. Qf6 Kf8 31. Qg7+ Ke7 32. Qf6+ Kf8 33. Qg7+ Ke7 34.
Bxc3 bxc3 35. Qe5+ Kf8 36. Qh8+ Ke7 37. Qe5+ 1/2-1/2

[Event "61st World Juniors 2024"]
[Site "Gandhinagar IND"]
[Date "2024.06.07"]
[Round "6.13"]
[White "Sanket, Chakravarty"]
[Black "Budisavljevic, Luka"]
[Result "0-1"]
[WhiteTitle "IM"]
[BlackTitle "GM"]
[WhiteElo "2357"]
[BlackElo "2468"]
[WhiteFideId "25032038"]
[BlackFideId "960047"]
[EventDate "2024.06.02"]

1. c4 e6 2. Nf3 d5 3. e3 Nf6 4. Nc3 b6 5. b3 Bb7 6. Bb2 Nbd7 7. Rc1 a6 8. cxd5
exd5 9. Ne2 c5 10. d4 Bd6 11. Ng3 g6 12. Bd3 h5 13. Ne5 h4 14. Ne2 h3 15. gxh3
c4 16. Bb1 b5 17. Nf4 b4 18. Nfxg6 fxg6 19. bxc4 dxc4 20. Qc2 Rg8 21. Qxc4 Bd5
22. Qf1 Qe7 23. Rg1 Nxe5 24. dxe5 Bxe5 25. Bxe5 Qxe5 26. Rxg6 Qb2 27. Rxg8+ Nxg8
28. Rd1 Qc3+ 29. Ke2 Bc4+ 30. Bd3 Rd8 31. Bxc4 Qc2+ 32. Kf3 Rxd1 33. Qe2 Rd2 34.
Qf1 Nf6 0-1

[Event "61st World Juniors 2024"]
[Site "Gandhinagar IND"]
[Date "2024.06.07"]
[Round "6.14"]
[White "Ilamparthi, A R"]
[Black "Adireddy, Arjun"]
[Result "1-0"]
[WhiteTitle "IM"]
[BlackTitle "FM"]
[WhiteElo "2446"]
[BlackElo "2306"]
[WhiteFideId "45015775"]
[BlackFideId "25647709"]
[EventDate "2024.06.02"]

1. e4 c5 2. Nf3 Nc6 3. d4 cxd4 4. Nxd4 e6 5. Nc3 Qc7 6. Be2 a6 7. Nxc6 bxc6 8.
Qd3 Nf6 9. Qg3 Qxg3 10. hxg3 d5 11. exd5 cxd5 12. Be3 Bb7 13. O-O-O Bd6 14. g4
Nd7 15. g5 Ke7 16. Rh4 Rac8 17. Rdh1 Be5 18. Bf3 Rc7 19. Ne2 Rhc8 20. c3 Nf8 21.
Nd4 f5 22. Nb3 Bd6 23. Bd4 Kf7 24. Na5 Ba8 25. Bh5+ Ng6 26. Re1 e5 27. Bxe5 Re7
28. f4 d4 29. Kd2 dxc3+ 30. bxc3 Rd8 31. Bd4 Rxe1 32. Kxe1 Bd5 33. Kf2 Bxa2 34.
Nb7 Rd7 35. Nxd6+ Rxd6 36. Rh1 Bc4 37. Rb1 Bb5 38. g4 Ke6 39. Re1+ Kd7 40. gxf5
Nxf4 41. Be8+ Kd8 42. Bxb5 axb5 43. Kf3 Nh5 44. Kg4 g6 45. f6 Rd7 46. Bb6+ Kc8
47. Ra1 Rf7 48. Bd4 Kd7 49. Ra6 Rf8 50. Ra7+ Kd6 51. Rxh7 Re8 52. f7 Re4+ 53.
Kf3 Rf4+ 54. Ke3 Ke6 55. Rxh5 Rxf7 56. Rh4 1-0

[Event "61st World Juniors 2024"]
[Site "Gandhinagar IND"]
[Date "2024.06.07"]
[Round "6.16"]
[White "Bizhigitov, Zhangir"]
[Black "Mishra, Abhimanyu"]
[Result "1/2-1/2"]
[WhiteTitle "FM"]
[BlackTitle "GM"]
[WhiteElo "2212"]
[BlackElo "2627"]
[WhiteFideId "13725599"]
[BlackFideId "30920019"]
[EventDate "2024.06.02"]

1. e4 e5 2. Nf3 Nc6 3. Bb5 a6 4. Ba4 Nf6 5. O-O b5 6. Bb3 Bc5 7. c3 d6 8. d3 h6
9. h3 O-O 10. Nbd2 Bb6 11. Re1 Ne7 12. Nf1 Ng6 13. Ng3 Re8 14. a4 Rb8 15. Bc2 c5
16. d4 Bb7 17. axb5 axb5 18. Be3 exd4 19. cxd4 Nxe4 20. Nxe4 Bxe4 21. dxc5 dxc5
22. Qxd8 Rbxd8 23. Bxc5 Bxc5 24. Rxe4 Rxe4 25. Bxe4 Nf4 26. Kf1 g6 27. Ra8 Rxa8
28. Bxa8 Nd3 29. b3 b4 30. Bd5 Kg7 31. Nd2 f5 32. f3 Kf6 33. Bc4 Nf4 34. h4 Be3
35. Nb1 g5 36. hxg5+ hxg5 37. g3 Nh5 38. Ke2 Ba7 39. g4 Nf4+ 40. Kd1 fxg4 41.
fxg4 Ng2 42. Ke2 Ne3 43. Nd2 Nxg4 44. Ba6 Ne5 45. Nf3 Ng6 46. Ne1 Bc5 47. Nd3
Bd6 48. Kf3 Nh4+ 49. Ke4 Nf5 50. Bc8 Ng3+ 51. Kd5 Be7 52. Kc4 Nf5 53. Bd7 Ne3+
54. Kd4 Nc2+ 55. Kd5 Bf8 56. Nf2 Kg6 57. Be8+ Kf6 58. Bd7 Na1 59. Kc4 Be7 60.
Nd3 Nc2 61. Kd5 Ne3+ 62. Kd4 Nf1 63. Kc4 Nd2+ 64. Kb5 Nxb3 65. Nxb4 Ke5 66. Kc4
Nd2+ 67. Kc3 Ne4+ 68. Kc4 Bxb4 69. Kxb4 Kd4 70. Bc8 Nd2 71. Bd7 Nc4 72. Kb3 Ne3
73. Bc8 Kd3 74. Bd7 Nd5 75. Bc8 Nc3 76. Bd7 Ne2 77. Bc8 Nd4+ 78. Kb4 Ke4 79. Kc3
Nf5 80. Kd2 g4 81. Bxf5+ Kxf5 82. Ke3 Kg5 83. Kf2 Kh4 84. Kg2 g3 85. Kg1 Kh3 86.
Kh1 g2+ 87. Kg1 Kg3 1/2-1/2

[Event "61st World Juniors 2024"]
[Site "Gandhinagar IND"]
[Date "2024.06.07"]
[Round "6.17"]
[White "Smirnov, Mark"]
[Black "Siddharth, Jagadeesh"]
[Result "0-1"]
[WhiteTitle "CM"]
[BlackTitle "IM"]
[WhiteElo "2203"]
[BlackElo "2525"]
[WhiteFideId "13764594"]
[BlackFideId "5818320"]
[EventDate "2024.06.02"]

1. e4 c5 2. Nf3 d6 3. d4 cxd4 4. Nxd4 Nf6 5. Nc3 a6 6. Bg5 Nbd7 7. Bc4 Qb6 8.
Bb3 e6 9. Qd2 Be7 10. O-O-O Nc5 11. f3 Qc7 12. g4 b5 13. a3 Rb8 14. Kb1 O-O 15.
Bxf6 Bxf6 16. g5 Bd8 17. Ba2 Bd7 18. b4 Na4 19. Nxa4 bxa4 20. f4 a5 21. c3 Rc8
22. f5 exf5 23. exf5 d5 24. g6 fxg6 25. Bxd5+ Kh8 26. Ne6 Qxc3 27. Nxf8 Bxf5+
28. Ka2 Qc2+ 29. Qxc2 Rxc2+ 30. Kb1 Rf2+ 31. Kc1 Bg5+ 32. Rd2 Bxd2+ 0-1

[Event "61st World Juniors 2024"]
[Site "Gandhinagar IND"]
[Date "2024.06.07"]
[Round "6.19"]
[White "Avila Pavas, Santiago"]
[Black "Gubatayev, Ahmet"]
[Result "1-0"]
[WhiteTitle "GM"]
[WhiteElo "2495"]
[BlackElo "2055"]
[WhiteFideId "4437128"]
[BlackFideId "14004526"]
[EventDate "2024.06.02"]

1. e4 c5 2. Nf3 d6 3. Bb5+ Nd7 4. d4 cxd4 5. Qxd4 a6 6. Be2 Ngf6 7. c4 g6 8. Nc3
Bg7 9. O-O O-O 10. Qe3 Ng4 11. Qd2 Nde5 12. Nxe5 Nxe5 13. b3 f5 14. exf5 gxf5
15. f4 Nc6 16. Bb2 Kh8 17. Bf3 Rb8 18. Rad1 Bd7 19. c5 dxc5 20. Qxd7 Bd4+ 21.
Rxd4 cxd4 22. Qxd8 Rbxd8 23. Ne2 Kg8 24. Bxc6 bxc6 25. Nxd4 Rf6 26. Re1 Kf7 27.
Kf2 c5 28. Nf3 Rfd6 29. Ke2 a5 30. Rc1 Rd5 31. Rc4 h6 32. Bc3 Ke6 33. Ra4 Rd1
34. Bd2 Rb1 35. Rxa5 Rb2 36. Rxc5 Rxa2 37. Rc4 Rb8 38. b4 Rb2 39. g3 Kd6 40. Kd3
Rb7 41. Ne5 h5 42. Rc6+ Kd5 43. Rc5+ Ke6 44. Rc2 Rb1 45. Kd4 Rb6 46. Rc6+ Rxc6
47. Nxc6 h4 48. gxh4 Rh1 49. b5 Rxh2 50. Bb4 Rxh4 51. b6 Rxf4+ 52. Kc5 Rg4 53.
b7 Rg8 54. Ba5 Kd7 55. Nd8 Rxd8 56. Bxd8 1-0

[Event "61st World Juniors 2024"]
[Site "Gandhinagar IND"]
[Date "2024.06.07"]
[Round "6.20"]
[White "Mnyasta, Charlton"]
[Black "Aaditya, Dhingra"]
[Result "1-0"]
[BlackTitle "IM"]
[WhiteElo "2174"]
[BlackElo "2495"]
[WhiteFideId "14343371"]
[BlackFideId "25678191"]
[EventDate "2024.06.02"]

1. e4 e5 2. Nf3 Nc6 3. Bb5 a6 4. Ba4 Nf6 5. O-O Be7 6. Re1 b5 7. Bb3 d6 8. a4
Bd7 9. c3 O-O 10. h3 h6 11. d4 Re8 12. Bc2 Bf8 13. Nbd2 exd4 14. Nxd4 Ne5 15.
Nf1 c5 16. Ne2 bxa4 17. Nf4 c4 18. Bxa4 Bxa4 19. Rxa4 Nfd7 20. Be3 Qc8 21. Bd4
Qc6 22. Ra5 Qb7 23. Re2 Nc6 24. Ra4 Qb5 25. Nd5 Rec8 26. Nfe3 Nxd4 27. cxd4 a5
28. Qc2 Nb6 29. Nxb6 Qxb6 30. Rxc4 Rxc4 31. Qxc4 g6 32. Nd5 Qb7 33. Rc2 Bg7 34.
Qd3 Rb8 35. Qf3 Rf8 36. e5 Qb8 37. Nf6+ Bxf6 38. exf6 Re8 39. Qf4 d5 40. Rc7 Re6
41. Qc1 Re1+ 42. Qxe1 Qxc7 43. Qe8+ Kh7 44. g3 g5 45. g4 1-0

[Event "61st World Juniors 2024"]
[Site "Gandhinagar IND"]
[Date "2024.06.07"]
[Round "6.21"]
[White "Alekhya, Mukhopadhyay"]
[Black "Vaz, Ethan"]
[Result "0-1"]
[BlackTitle "IM"]
[WhiteElo "2130"]
[BlackElo "2420"]
[WhiteFideId "25600826"]
[BlackFideId "25940783"]
[EventDate "2024.06.02"]

1. e4 e5 2. Nf3 Nc6 3. Bb5 a6 4. Ba4 d6 5. c3 Bd7 6. d4 Nf6 7. O-O g6 8. c4 Bg7
9. d5 Ne7 10. Nc3 O-O 11. Ne1 b5 12. cxb5 axb5 13. Bc2 b4 14. Ne2 c6 15. dxc6
Bxc6 16. Ng3 d5 17. Qe2 Qb8 18. Nf3 b3 19. Bxb3 Bb5 20. Qe1 Bxf1 21. Kxf1 Nxe4
22. Nxe4 dxe4 23. Ng5 Qxb3 24. axb3 Rxa1 25. Ke2 Rc8 26. Qb4 Raxc1 27. Nxe4 Nc6
28. Qb7 Nd4+ 29. Kd3 Rd1+ 30. Nd2 Rc2 31. Qb8+ Bf8 32. Qxe5 Rcxd2+ 33. Kc4 Rc2+
34. Kd5 Nc6+ 0-1

[Event "61st World Juniors 2024"]
[Site "Gandhinagar IND"]
[Date "2024.06.07"]
[Round "6.22"]
[White "Davtyan, Arsen"]
[Black "Sriansh Das"]
[Result "1/2-1/2"]
[WhiteTitle "IM"]
[WhiteElo "2415"]
[BlackElo "2016"]
[WhiteFideId "13309315"]
[BlackFideId "45030081"]
[EventDate "2024.06.02"]

1. c4 e5 2. g3 Nf6 3. Bg2 Nc6 4. Nc3 Bc5 5. d3 a5 6. Nf3 d6 7. O-O h6 8. a3 O-O
9. Bd2 Bd7 10. Na4 Re8 11. Qc2 Ba7 12. Nc3 Be6 13. h3 d5 14. cxd5 Nxd5 15. Ne4
Qe7 16. Rac1 Rad8 17. Nc5 Bc8 18. Rfe1 Qf6 19. Qc4 Bb6 20. b4 axb4 21. axb4 Qd6
22. Rc2 Bxc5 23. bxc5 Qe7 24. Qb3 Nf6 25. e4 Rd7 26. Bf1 Rdd8 27. Ra1 Nd7 28.
Be3 Ndb8 29. Qb2 Qf6 30. Nd2 Na6 31. Ra4 Qe6 32. Kh2 Kh7 33. Nb1 Ncb8 34. d4
exd4 35. Rxd4 Rxd4 36. Bxd4 f6 37. Nc3 Nc6 38. Be3 Ne5 39. Qb5 Nf3+ 40. Kh1 c6
41. Qe2 Ne5 42. Bg2 Qb3 43. Rc1 Rd8 44. Qc2 Qxc2 45. Rxc2 Nc4 46. e5 Nxe3 47.
fxe3 fxe5 48. Ne4 Bf5 49. Rb2 Bxe4 50. Bxe4+ Kg8 51. Rxb7 Nxc5 52. Rb4 Nxe4 53.
Rxe4 Rd5 54. Rc4 Rd6 55. Kg2 Kf7 56. Kf3 Kf6 57. Ke4 Re6 58. Ra4 1/2-1/2

[Event "61st World Juniors 2024"]
[Site "Gandhinagar IND"]
[Date "2024.06.07"]
[Round "6.23"]
[White "Saryyev, Azym"]
[Black "Srihari, L"]
[Result "1-0"]
[BlackTitle "IM"]
[WhiteElo "1999"]
[BlackElo "2400"]
[WhiteFideId "14004801"]
[BlackFideId "46642056"]
[EventDate "2024.06.02"]

1. d4 Nf6 2. Nf3 g6 3. g3 Bg7 4. Bg2 O-O 5. O-O d6 6. c4 Nbd7 7. Nc3 e5 8. dxe5
dxe5 9. Qc2 c6 10. e4 Qc7 11. b3 Re8 12. Ba3 b5 13. Rfd1 bxc4 14. Bd6 cxb3 15.
axb3 Qb7 16. Nd2 Nb6 17. Na4 Nxa4 18. bxa4 Bg4 19. f3 Be6 20. Rab1 Qa6 21. Bf1
Qa5 22. Nc4 Bxc4 23. Bxc4 Bf8 24. Bxf7+ Kxf7 25. Rb7+ Be7 26. Qc4+ Kf8 27. Bb4
Rad8 28. Bxa5 Rxd1+ 29. Kg2 c5 30. Qe6 Ng8 31. Bc3 Red8 32. Qxe5 Bf6 33. Qf4
R8d6 34. Bxf6 Nxf6 35. e5 g5 36. Qxg5 R6d2+ 37. Kh3 Nd7 38. e6 Nb8 1-0

[Event "61st World Juniors 2024"]
[Site "Gandhinagar IND"]
[Date "2024.06.07"]
[Round "6.24"]
[White "Anuj, Shrivatri"]
[Black "Kuandykuly, Danis"]
[Result "1/2-1/2"]
[WhiteTitle "IM"]
[WhiteElo "2390"]
[BlackElo "1989"]
[WhiteFideId "35070924"]
[BlackFideId "13752260"]
[EventDate "2024.06.02"]

1. e4 c5 2. Nf3 d6 3. Nc3 Nc6 4. d4 cxd4 5. Nxd4 Nf6 6. Bg5 e6 7. Qd2 a6 8.
O-O-O Bd7 9. f3 Be7 10. Kb1 Qc7 11. h4 h6 12. Be3 h5 13. Bg5 Nxd4 14. Qxd4 b5
15. Qd2 b4 16. Ne2 a5 17. c4 bxc3 18. Nxc3 Rb8 19. a4 O-O 20. Nb5 Qb6 21. Be2
Bc6 22. Rc1 Rfc8 23. Rhd1 Bf8 24. Qd4 Qb7 25. g4 Nd7 26. gxh5 Nc5 27. Ka2 e5 28.
Qc4 Bd7 29. Qc2 Be6+ 30. Bc4 Nxe4 31. Qe2 Rxc4 32. Rxc4 Ng3 33. Qd3 e4 34. fxe4
Nxe4 35. Rc1 Nc5 36. Qc2 Bxc4+ 37. Qxc4 Nxa4 38. Qxa4 Qxb5 39. Qxb5 Rxb5 40. Rc8
f6 41. h6 fxg5 42. Rxf8+ Kh7 43. hxg5 Rxg5 1/2-1/2

[Event "61st World Juniors 2024"]
[Site "Gandhinagar IND"]
[Date "2024.06.07"]
[Round "6.25"]
[White "Ozenir, Ekin Baris"]
[Black "Gaikwad Manas"]
[Result "1/2-1/2"]
[WhiteTitle "IM"]
[WhiteElo "2390"]
[BlackElo "1957"]
[WhiteFideId "6357415"]
[BlackFideId "25912410"]
[EventDate "2024.06.02"]

1. d4 Nf6 2. c4 g6 3. Nc3 Bg7 4. e4 d6 5. Nf3 O-O 6. h3 e5 7. d5 a5 8. Bg5 c6 9.
Nd2 Na6 10. a3 h6 11. Be3 Ne8 12. g4 Bd7 13. Be2 f5 14. gxf5 gxf5 15. exf5 Bxf5
16. Nde4 Nf6 17. Bf3 cxd5 18. Nxf6+ Qxf6 19. Nxd5 Qh4 20. Nb6 Nc5 21. Be2 Rad8
22. Rg1 Kh8 23. b4 Ne6 24. Qd5 Qe7 25. Qd2 Qh4 26. Qd5 Qe7 27. Qd2 Qh4 1/2-1/2

[Event "61st World Juniors 2024"]
[Site "Gandhinagar IND"]
[Date "2024.06.07"]
[Round "6.26"]
[White "Swarna Nihal"]
[Black "Panda, Sambit"]
[Result "0-1"]
[BlackTitle "IM"]
[WhiteElo "1949"]
[BlackElo "2363"]
[WhiteFideId "25683640"]
[BlackFideId "25091794"]
[EventDate "2024.06.02"]

1. d4 Nf6 2. c4 e6 3. Nf3 a6 4. Nc3 d5 5. cxd5 exd5 6. Bg5 Be6 7. e3 Nbd7 8. Bd3
Bd6 9. O-O c6 10. Bf4 Qc7 11. Bxd6 Qxd6 12. Qc2 O-O 13. a3 g6 14. b4 b5 15. Nd2
Nb6 16. Nb3 Nc4 17. e4 dxe4 18. Nxe4 Nxe4 19. Bxe4 Rfe8 20. a4 Bd5 21. Bxd5 Qxd5
22. Rfd1 Re7 23. axb5 cxb5 24. Re1 Rae8 25. Rxe7 Rxe7 26. h3 Qd6 27. Qc3 Re2 28.
Re1 Qe7 29. Kf1 Rxe1+ 30. Qxe1 Qd6 31. Qc3 Qh2 32. g4 Qh1+ 33. Ke2 Qe4+ 34. Kf1
Nb6 35. Nd2 Qh1+ 36. Ke2 Nd5 37. Qc8+ Kg7 38. Qb8 g5 39. Qe5+ f6 40. Qd6 Nf4+
41. Ke3 Qe1+ 42. Kf3 Ng6 43. Nf1 Qxf1 44. Qxa6 Qd3+ 45. Kg2 Nf4+ 46. Kg1 Qd1+
47. Kh2 Qf3 48. Qb7+ Qxb7 0-1